Finnish words with their straight translations - Statistics

General Stats
  • This quiz has been taken 69 times
  • The average score is 10 of 18
Answer Stats
Finnish word Straight translation English word % Correct
tietokone knowledge machine computer
96%
kuntosali fitness hall gym
81%
polkupyörä pedaling wheel bicycle
77%
linja-auto line car bus
70%
tarjoilija server waiter
70%
puutarha tree farm garden
65%
sanakirja word book dictionary
63%
sanomalehti message magazine newspaper
63%
silitysrauta stroking iron iron
61%
kilpikonna plate villain turtle
58%
onnettomuus happinesslessness accident
56%
kaivos digging place mine
47%
ainesosa material part ingredient
40%
kukkakimppu flower bundle bouquet
37%
kaulapanta neck ribbon collar
30%
käyntikortti visit card business card
14%
jalkalamppu foot lamp floor lamp
12%
kaivinkone digger machine shovel
9%
No matching quizzes found
Score Distribution
Percent of People with Each Score
Percentile by Number Answered
Your Score History
You have not taken this quiz